UBT Library

Numerical recipes in C : (Record no. 42118)

000 -LEADER
fixed length control field 00629nam a2200229 a 4500
001 - CONTROL NUMBER
control field 1479204
005 - DATE AND TIME OF LATEST TRANSACTION
control field 20180208044812.0
008 - FIXED-LENGTH DATA ELEMENTS--GENERAL INFORMATION
fixed length control field 880609s1988 enka b 001 0 eng
010 ## - LIBRARY OF CONGRESS CONTROL NUMBER
LC control number 87033844
020 ## - INTERNATIONAL STANDARD BOOK NUMBER
International Standard Book Number 052135465X
020 ## - INTERNATIONAL STANDARD BOOK NUMBER
International Standard Book Number 0521354668 (diskette)
040 ## - CATALOGING SOURCE
Original cataloging agency DLC
Transcribing agency DLC
Modifying agency DLC
041 ## - LANGUAGE CODE
Language code of text/sound track or separate title eng
080 ## - UNIVERSAL DECIMAL CLASSIFICATION NUMBER
Universal Decimal Classification number 005.133
082 00 - DEWEY DECIMAL CLASSIFICATION NUMBER
Classification number 005.133 PRE
Edition number 19
100 ## - Rafti
Rafti 30
101 ## - Shkurtesa
Shkurtesa SHKI
245 00 - TITLE STATEMENT
Title Numerical recipes in C :
Statement of responsibility, etc William H. Press ... [et al.].
504 ## - BIBLIOGRAPHY, ETC. NOTE
Bibliography, etc Bibliography: p. 689-693.
906 ## - LOCAL DATA ELEMENT F, LDF (RLIN)
a 7
b cbc
c orignew
d 1
e ocip
f 19
g y-gencatlg
942 ## - ADDED ENTRY ELEMENTS (KOHA)
Source of classification or shelving scheme
Item type Books
Holdings
Withdrawn status Lost status Source of classification or shelving scheme Damaged status Not for loan Collection code Permanent location Current location Shelving location Date acquired Total Checkouts Full call number Barcode Date last seen Price effective from Koha item type
          Koleksioni i përgjithshem UBT - Lipjan UBT - Lipjan Koleksioni i përgjithshem 02/08/2018   005.133 PRE 002-2998632 02/08/2018 02/08/2018 Books
UBT Library © 2015-2024. All rights reserved University Education for Business and Technology